LEADER 02435oam 2200577 450 001 9910715949003321 005 20210823145108.0 035 $a(CKB)5470000002516605 035 $a(OCoLC)1245964562 035 $a(EXLCZ)995470000002516605 100 $a20210413d2021 ua 0 101 0 $aeng 135 $aur||||||||||| 181 $ctxt$2rdacontent 182 $cc$2rdamedia 183 $acr$2rdacarrier 200 13$aAn Act to Amend the Health Information Technology for Economic and Clinical Health Act to Require the Secretary of Health and Human Services to Consider Certain Recognized Security Practices of Covered Entities and Business Associates when Making Certain Determinations, and for Other Purposes 210 1$a[Washington, D.C.] :$c[U.S. Government Publishing Office],$d[2021] 215 $a1 online resource (2 unnumbered pages) 300 $a"Jan. 5, 2021 (H.R. 7898)." 300 $a"134 Stat. 5072." 300 $a"Public Law 116-321." 606 $aMedical records$xLaw and legislation$zUnited States 606 $aMedical records$xData processing 606 $aPrivacy, Right of$zUnited States 606 $aComputer security$xLaw and legislation$zUnited States 606 $aComputer security$xLaw and legislation$2fast 606 $aMedical records$xData processing$2fast 606 $aMedical records$xLaw and legislation$2fast 606 $aPrivacy, Right of$2fast 607 $aUnited States$2fast 608 $aStatutes and codes.$2fast 608 $aStatutes and codes.$2lcgft 615 0$aMedical records$xLaw and legislation 615 0$aMedical records$xData processing. 615 0$aPrivacy, Right of 615 0$aComputer security$xLaw and legislation 615 7$aComputer security$xLaw and legislation. 615 7$aMedical records$xData processing. 615 7$aMedical records$xLaw and legislation. 615 7$aPrivacy, Right of. 801 0$bGPO 801 1$bGPO 801 2$bOCLCO 801 2$bOCLCF 801 2$bOCLCQ 801 2$bGPO 906 $aBOOK 912 $a9910715949003321 996 $aAn Act to Amend the Health Information Technology for Economic and Clinical Health Act to Require the Secretary of Health and Human Services to Consider Certain Recognized Security Practices of Covered Entities and Business Associates when Making Certain Determinations, and for Other Purposes$93436181 997 $aUNINA LEADER 01745nam 2200481I 450 001 9910707968103321 005 20170126153130.0 035 $a(CKB)5470000002468886 035 $a(OCoLC)970348570 035 $a(EXLCZ)995470000002468886 100 $a20170126j201604 ua 0 101 0 $aeng 135 $aurcn||||||||| 181 $ctxt$2rdacontent 182 $cc$2rdamedia 183 $acr$2rdacarrier 200 10$aDevelopment of detonation modeling capabilities for rocket test facilities: hydrogen-oxygen-nitrogen mixtures /$fDaniel C. Allgood 210 1$aStennis Space Center, MS :$cNational Aeronautics and Space Administration, Stennis Space Center,$dApril 2016. 215 $a1 online resource (57 pages) $ccolor illustrations 225 1 $aNASA/TP ;$v2016-219220 300 $a"April 2016." 320 $aIncludes bibliographical references (pages 55-57). 517 $aDevelopment of detonation modeling capabilities for rocket test facilities 606 $aComputational fluid dynamics$2nasat 606 $aDetonation waves$2nasat 606 $aFlow distribution$2nasat 606 $aGas mixtures$2nasat 606 $aPropellants$2nasat 606 $aStoichiometry$2nasat 615 7$aComputational fluid dynamics. 615 7$aDetonation waves. 615 7$aFlow distribution. 615 7$aGas mixtures. 615 7$aPropellants. 615 7$aStoichiometry. 700 $aAllgood$b Daniel C.$01403460 712 02$aJohn C. Stennis Space Center, 801 0$bGPO 801 1$bGPO 906 $aBOOK 912 $a9910707968103321 996 $aDevelopment of detonation modeling capabilities for rocket test facilities: hydrogen-oxygen-nitrogen mixtures$93476185 997 $aUNINA